Государственные закупки в России: история, трансформация, дискуссии (Запись № 13678473)

Подробности
000 -МАРКЕР
контрольное поле 02591nam0a2200409 4500
001 - ИДЕНТИФИКАТОР ЗАПИСИ
контрольное поле RU\NLR\BIBL_A\022587067
005 - ИДЕНТИФИКАТОР ВЕРСИИ
контрольное поле 20251001104755.0
010 ## - МЕЖДУНАРОДНЫЙ СТАНДАРТНЫЙ НОМЕР КНИГИ (ISBN)
Номер (ISBN) 978-5-00261-197-3
Тираж 500
021 ## - НОМЕР ГОСУДАРСТВЕННОЙ РЕГИСТРАЦИИ
Код страны Российская Федерация
Номер КН-П-25-030413
Номер Листа государственной регистраци КН-П-25-3003
035 ## - ДРУГИЕ СИСТЕМНЫЕ НОМЕРА
Идентификатор записи (NLR Aleph) 022587067
100 ## - ДАННЫЕ ОБЩЕЙ ОБРАБОТКИ
Данные общей обработки 20250717d2025 k y0rusy50 ca
101 0# - ЯЗЫК РЕСУРСА
Язык текста, звукозаписи и т.д. русский
102 ## - СТРАНА ПУБЛИКАЦИИ ИЛИ ПРОИЗВОДСТВА
Страна публикации Российская Федерация
105 ## - ПОЛЕ КОДИРОВАННЫХ ДАННЫХ: ТЕКСТОВЫЕ МАТЕРИАЛЫ, МОНОГРАФИЧЕСКИЕ
Кодированные данные о монографическом текстовом документе a z 000yy
181 #0 - ПОЛЕ КОДИРОВАННЫХ ДАННЫХ: ВИД СОДЕРЖАНИЯ
Код вида содержания (ISBD) i3
Код характеристики содержания (ISBD) axxe
182 #0 - ПОЛЕ КОДИРОВАННЫХ ДАННЫХ: ТИП СРЕДСТВА
Код типа средства (ISBD) n - непосредственное
200 1# - ЗАГЛАВИЕ И СВЕДЕНИЯ ОБ ОТВЕТСТВЕННОСТИ
Основное заглавие Государственные закупки в России: история, трансформация, дискуссии
Сведения, относящиеся к заглавию коллективная монография
Первые сведения об ответственности Е. Я. Анисимов, Е. А. Галий, Ю. В. Гнездова [и др.]
Последующие сведения об ответственности под ред. Тимофеевой И. Ю.
-- Федеральное гос ударственное бюджетное образовательное учреждение высшего образования "Российская академия народного хозяйства при Президенте Российской Федерации"
203 ## - ВИД СОДЕРЖАНИЯ И ТИП СРЕДСТВА
Вид содержания Текст
Дополнительные сведения об издании визуальный
Тип средства непосредственный
210 ## - ПУБЛИКАЦИЯ, РАСПРОСТРАНЕНИЕ И ДР.
Место издания, распространения и т.д. Москва
Имя издателя, распространителя и т. д. [б. и.]
Место издания, распространения и т.д. Курск
Имя издателя, распространителя и т. д. Университетская книга
Дата издания, распространения и т.д. 2025
215 ## - ФИЗИЧЕСКАЯ ХАРАКТЕРИСТИКА
Специфическое обозначение материала и объем 146 с.
Другие сведения о физической характеристике ил.
Размеры 21
300 ## - ОБЩИЕ ПРИМЕЧАНИЯ
Текст примечания Авт. указаны на обороте тит. с. в макете и в вып. дан.
300 ## - ОБЩИЕ ПРИМЕЧАНИЯ
Текст примечания На с. 4 авт.: Анисимов Е. Я., преподаватель, Галий Е. А., к. э. н., доц., Гнездова Ю. В., д. э. н., проф. [и др.]
320 ## - ПРИМЕЧАНИЯ О НАЛИЧИИ В ДОКУМЕНТЕ БИБЛИОГРАФИИ / УКАЗАТЕЛЯ
Текст примечания Библиогр.: с. 140-146 (78 назв.) и в подстроч. примеч.
606 1# - НАИМЕНОВАНИЕ ТЕМЫ КАК ПРЕДМЕТ
Наименование темы Государственные закупки
Географический подзаголовок Российская Федерация
Код системы nlr_sh1
-- nlr_sh2
Идентификатор авторитетной/нормативной записи RU\NLR\AUTH\661335921
686 1# - ИНДЕКСЫ ДРУГИХ КЛАССИФИКАЦИЙ
Индекс У41(2)-381(2Р)
686 1# - ИНДЕКСЫ ДРУГИХ КЛАССИФИКАЦИЙ
Индекс Х621.140.4
701 #1 - ИМЯ ЛИЦА - АЛЬТЕРНАТИВНАЯ ОТВЕТСТВЕННОСТЬ
Начальный элемент ввода Анисимов
Часть имени, кроме начального элемента ввода Е. Я.
Расширение инициалов личного имени Евгений Яковлевич
701 #1 - ИМЯ ЛИЦА - АЛЬТЕРНАТИВНАЯ ОТВЕТСТВЕННОСТЬ
Начальный элемент ввода Галий
Часть имени, кроме начального элемента ввода Е. А.
Расширение инициалов личного имени Елена Анатольевна
701 #1 - ИМЯ ЛИЦА - АЛЬТЕРНАТИВНАЯ ОТВЕТСТВЕННОСТЬ
Начальный элемент ввода Гнездова
Часть имени, кроме начального элемента ввода Ю. В.
Даты 1976-
Расширение инициалов личного имени Юлия Владимировна
Идентификатор авторитетной/нормативной записи RU\NLR\AUTH\770150198
702 #1 - ИМЯ ЛИЦА - ВТОРИЧНАЯ ОТВЕТСТВЕННОСТЬ
Начальный элемент ввода Тимофеева
Часть имени, кроме начального элемента ввода И. Ю.
Дополнения к именам, кроме дат д-р экон. наук
Расширение инициалов личного имени Инна Юрьевна
Идентификатор авторитетной/нормативной записи RU\NLR\AUTH\770154816
Код отношения Редактор
712 02 - НАИМЕНОВАНИЕ ОРГАНИЗАЦИИ - ВТОРИЧНАЯ ОТВЕТСТВЕННОСТЬ
Начальный элемент ввода Российская академия народного хозяйства и государственной службы
Идентификатор авторитетной/нормативной записи RU\NLR\AUTH\8810174408
Код отношения Издающая организация
942 ## - ДОПОЛНИТЕЛЬНЫЕ ЭЛЕМЕНТЫ ЗАПИСИ (АБИС)
Тип экземпляра АБИС Книга
980 ## - КОЛЛЕКЦИЯ
Название коллекции Национальная библиография

Нет доступных экземпляров.